Čarodejná metla (Record no. 18887)
[ view plain ]
| 000 -LEADER | |
|---|---|
| fixed length control field | 01063nam a2200325 a 4500 |
| 001 - CONTROL NUMBER | |
| control field | 18887 |
| 003 - CONTROL NUMBER IDENTIFIER | |
| control field | VRT |
| 005 - DATE AND TIME OF LATEST TRANSACTION | |
| control field | 20260205112032.0 |
| 008 - FIXED-LENGTH DATA ELEMENTS--GENERAL INFORMATION | |
| fixed length control field | 030410s2003 xo a g 000 1 slo c |
| 020 ## - INTERNATIONAL STANDARD BOOK NUMBER | |
| International Standard Book Number | 8010000787 (viaz.) |
| 035 ## - SYSTEM CONTROL NUMBER | |
| System control number | UKB000327354 |
| 040 ## - CATALOGING SOURCE | |
| Original cataloging agency | BA001 |
| Language of cataloging | slo |
| Transcribing agency | BA001 |
| Description conventions | AACR2 |
| 041 1# - LANGUAGE CODE | |
| Language code of text/sound track or separate title | slo |
| Language code of original | eng |
| 044 ## - COUNTRY OF PUBLISHING/PRODUCING ENTITY CODE | |
| MARC country code | xo |
| ISO country code | SK |
| 080 ## - UNIVERSAL DECIMAL CLASSIFICATION NUMBER | |
| Universal Decimal Classification number | 820-93-31 |
| 100 1# - MAIN ENTRY--PERSONAL NAME | |
| Personal name | Norton, Mary |
| 245 00 - TITLE STATEMENT | |
| Title | Čarodejná metla |
| Statement of responsibility, etc. | Mary Nortonov ; [z anglického originálu preložila Miroslava Majerčíková] |
| 250 ## - EDITION STATEMENT | |
| Edition statement | 2. vyd |
| 260 ## - PUBLICATION, DISTRIBUTION, ETC. | |
| Place of publication, distribution, etc. | Bratislava |
| Name of publisher, distributor, etc. | Slovenské pedagogické nakladateľstvo - Mladé letá |
| Date of publication, distribution, etc. | 2003 |
| 300 ## - PHYSICAL DESCRIPTION | |
| Extent | 193, [1] s |
| 521 ## - TARGET AUDIENCE NOTE | |
| Target audience note | Pre čit. od 8 rokov |
| 650 07 - SUBJECT ADDED ENTRY--TOPICAL TERM | |
| Topical term or geographic name entry element | literatúra anglická |
| General subdivision | romány pre deti a mládež |
| 650 07 - SUBJECT ADDED ENTRY--TOPICAL TERM | |
| Topical term or geographic name entry element | romány pre deti a mládež anglické |
| 653 ## - INDEX TERM--UNCONTROLLED | |
| Uncontrolled term | 820-93-31 |
| 700 1# - ADDED ENTRY--PERSONAL NAME | |
| Personal name | Majerčíková, Miroslava |
| Relationship | trl |
| 765 0# - ORIGINAL LANGUAGE ENTRY | |
| Title | Bed-knob and broomstik |
| Main entry heading | Norton, Mary |
| 942 ## - ADDED ENTRY ELEMENTS (KOHA) | |
| Source of classification or shelving scheme | Dewey Decimal Classification |
| Koha item type | Krásna literatúra pre deti |
| 949 ## - LOCAL PROCESSING INFORMATION (OCLC) | |
| 6 | 1800226911 |
| a | SK.D.17324 |
| b | PV.5880-2003 |
| s | 6707:20060719 |
| 949 ## - LOCAL PROCESSING INFORMATION (OCLC) | |
| 6 | 1800226910 |
| a | SL.D.47837 |
| b | PV.5879-2003 |
| Stav vyradenia | Strata | Poškodenie | Spôsob nadobudnutia | Domovská knižnica | Aktuálna knižnica | Dátum nadobudnutia | Total checkouts | Čiarový kód exemplára | Date last seen | Typ exemplára |
|---|---|---|---|---|---|---|---|---|---|---|
| Dar | Obecná knižnica Belá-Dulice | Obecná knižnica Belá-Dulice | 08.07.2025 | 4735902706 | 08.07.2025 | Krásna literatúra pre deti |
